000 00512nam a2200157Ia 4500
005 20250620004347.0
008 240331s9999 xx 000 0 und d
020 _a9559578901
082 _a302.2
_bDIS
100 _aDissanayake, C
245 0 _aSheersha pata :
_b1992 varshaye sati antha Sinhala puvathpath pradana sirsha pata
260 _aBoralesgamuwa
_bCRC Press
_c1995
300 _a138 p .,
500 _aA review of lead stories which were published by weekend newspapers during the year 1992
942 _cL
999 _c1276
_d1276